| 000 | 00724nam a2200253Ia 4500 | ||
|---|---|---|---|
| 003 | OSt | ||
| 005 | 20220918105905.0 | ||
| 006 | a|||||r|||| 00| 0 | ||
| 007 | ta | ||
| 008 | 220915b |||||||| |||| 00| 0 eng d | ||
| 024 | _a16045 | ||
| 037 | _cReference Collections | ||
| 040 |
_aARTS _cARTS _beng |
||
| 041 |
_2eng _aeng |
||
| 082 | _aP111:4k, L7 (RR) | ||
| 100 |
_aCuddon J A. _94586 |
||
| 245 | 0 | _aDictionary of literary terms | |
| 260 |
_aLondon _bAndre Deutsch _c1977 |
||
| 300 | _a745p. | ||
| 490 | _aLanguage library , ed by Eric Partridge and Simon Potter | ||
| 650 | _aENGLISH LITERATURE | ||
| 942 |
_hP111:4k, L7 (RR) _cREF |
||
| 999 |
_c110039 _d110039 |
||